000 00946nas a2200301 4500
001 BR0707422
003 BR-BrBNA
005 20231205112247.0
007 ta
008 230509b bl.|||p| |||| 00| 00por d
040 _aBR-BrBNA
_bpor
_cBiblioteca Nacional de Agricultura
041 _a(Pt)
072 _aL02; L51
100 1 _aLópez, C.A.A.
100 1 _aBaião, N.C.
100 1 _aLara, L.J.C.
100 1 _aRodriguez, N.M.
100 1 _aCançado, S.V.
245 1 _aEfeitos da forma física da ração sobre a digestibilidade dos nutrientes e desempenho de frango de corte
650 _aFRANGO DE CORTE
650 _aRAÇÃO
650 _aPELETIZAÇÃO
650 _aDIGESTIBILIDADE
650 _aPERFORMANCE
773 0 _tArquivo Brasileiro de Medicina Veterinária e Zootecnia (Brazil)
_xISSN 0102-0935
_g(Aug 2007), v. 59(4) p. 1006-1013
_wBR0707422
909 _a202311
_bLúcia
_c55
_dLúcia Elande
942 _2AGRIS
_n0
_cANA
999 _c197044
_d197044